000 00666nam a2200241 i 4500
001 C2-0262714
003 PPAK
005 20180727231736.0
008 050215s1993 enka|||| ||||| | eng d
020 _a1856970140
040 _aPPAK
_beng
_cPPAK
_erda
082 0 4 _a629.133352
_223
090 0 0 _a629.133352
_bMAY
_dRK
100 1 _aMaynard, Christopher,
_eauthor
245 1 0 _aHelicopters
264 1 _aLondon :
_bKingfisher Books ,
_c1993
300 _a30 pages :
_bcolour illustrations ;
_c17 cm
336 _2rdacontent
_atext
337 _2rdamedia
_aunmediated
338 _2rdacarrier
_avolume
650 1 0 _aTransportation engineering
942 _ddc
_cB
999 _c73071
_d73071